| 000 | 00958nam a2200229 i 4500 | ||
|---|---|---|---|
| 001 | 190738 | ||
| 003 | ES-MaACL | ||
| 005 | 20240410104021.0 | ||
| 008 | 220524s1968 sp 000 0 spa d | ||
| 100 | 1 |
_aGoñalons Sintes, Eduardo. _9174594 |
|
| 245 | 1 | 0 |
_aExcreción urinaria de histamina en la rata y su correlación con el sistema endocrino / _cpor Eduardo Goñalons Sintes. |
| 260 |
_aBarcelona : _b[Universidad, Facultad de Farmacia, _c1968] ( _fIvern) |
||
| 300 |
_a17 p. ; _c24 cm. |
||
| 502 | _aTesis-Univ. Barcelona (Extracto) | ||
| 594 | _aPrecede al tít.: Universidad de Barcelona. Secretariado de Publicaciones, Intercambio Científico y Extensión Universitaria | ||
| 650 | 4 |
_aHistamina. _9174595 |
|
| 655 |
_aTesis y escritos académicos _9226867 |
||
| 710 | 2 |
_aUniversidad de Barcelona. _bFacultad de Farmacia. _97148 |
|
| 852 | 4 |
_aES-MaACL _jP-1416 (2) _9197920 _bR.68611 _cDEPO2 |
|
| 942 | _2udc | ||
| 999 |
_c190738 _d190738 |
||